000 01278nam a2200277 a 4500
001 BRCA_4938
005 20190320204852.0
008 211010s1819----mx-#######---#000-0#spa-#
041 _aspa
044 _amx
084 _aDOC26
_b.R85
_c1819
100 1 _aRuíz de Apodaca, Juan,
_cConde del Venadito,
_d1754-1835
_912533
245 1 0 _aDocumento firmado por el Virrey Juan Ruíz de Apodaca
_cJuan Ruíz de Apodaca.
260 _aMéxico
_c1819
300 _a[3] fojas
_c21 x 15 cm.
500 _aDocumento firmado el 9 de octubre de 1819.
500 _aDocumento que contiene una Real Orden transcrita por el Conde del Venadito y dirigida al señor Fiscal de Hacienda, en la que se concede a la Casa Gordon Murphy de Londres, un plazo de dos años para la realización de ciertas obras.
500 _aEl documento contiene la leyenda DOC. #35.
500 _aEstado de conservación: contiene anotaciones en tinta roja.
506 0 _aFondo Reservado. Para su consulta es necesario credencial de usuario y carta de motivos.
546 _aTexto en: español de principios del siglo XIX.
600 1 4 _aRuíz de Apodaca, Juan,
_cConde del Venadito
_d1754-1835
_xHistoria
_912534
651 4 _aMéxico
_xHistoria
_yColonia, 1521-1821
_912461
902 _aFDH
942 _2lcc
_cD
999 _c4632
_d4632